| 000 | 04597nam a2201141 c 4500 | ||
|---|---|---|---|
| 003 | PE-LiUPU | ||
| 005 | 20250813185709.0 | ||
| 008 | 181010s2018 sp | |||| 000 0 spa | ||
| 020 | _a9788430975365 | ||
| 040 |
_aSpMaBN _bspa _c34.02 _erda _d34.02 |
||
| 082 |
_223 _a349.1 _bR482o |
||
| 100 | 1 |
_aRibas Alba, José María _d1961- _eautor _4aut _0XX1684213 |
|
| 245 | 1 | 0 |
_aOrigen del estado en Roma / _cJosé María Ribas Alba |
| 264 | 1 |
_aMadrid _bTecnos, _c[2018] |
|
| 264 | 4 | _c©2018 | |
| 300 |
_a239 páginas : _c24 centímetros. |
||
| 336 |
_aTexto _2rdacontent |
||
| 337 |
_asin mediación _2rdamedia |
||
| 338 |
_aTexto _2rdacontent |
||
| 504 | _aBibliografía: páginas 211-239 | ||
| 505 | _aPRESUPUESTOS DE UNA TEORÍA SOBRE EL ORIGEN DEL ESTADO -- EL PROBLEMA DEL ORIGEN DEL ESTADO, PLANTEAMIENTO INTRODUCTORIO -- EL MODELO NEOEVOLUCIONISTA SOBRE LAS FORMAS DE ORGANIZACIÓN POLÍTICA. FAMILIAS Y BANDAS -- ESTADO Y DERECHO EN EL COMIENZO: ¿FAMILIA NUCLEAR O PROMISCUIDAD Y MATRIMONIO DE GRUPO? -- SOCIEDADES SEGMENTARIAS -- LA ECONOMÍA Y EL DERECHO PATRIMONIAL TRIBAL -- SOCIEDADES DE JEFATURA. ¿JEFATURAS COMPUESTAS O EARLY STATES? -- EL REX NEMORENSIS -- EL NACIMIENTO DEL ESTADO. FORMACIÓN Y FUNDACIÓN -- LA TEORÍA DEL ESTADO COMO FENÓMENO POLÍTICO UNIVERSAL Y NECESARIO -- TEORÍAS DE LA INTEGRACIÓN, TEORÍAS DEL CONFLICTO -- EL ESTADO SEGÚN R. L. CARNEIRO -- EL TERRITORIO Y EL CASO DE LOS PUEBLOS NÓMADAS EL ESTADO-CIUDAD Y EL ESTADO TERRITORIAL -- UN EXCURSUS SOBRE EL TÉRMINO «ESTADO» -- ROMA, FORMACIÓN Y FUNDACIÓN DE UN ESTADO -- GUÍA TERMINOLÓGICA MÍNIMA PARA LA COMPRENSIÓN DE ESTA SEGUNDA PARTE -- HISTORIA DE COSAS E HISTORIA DE PALABRAS. REDUCCIÓN FILOLÓGICA Y REDUCCIÓN SOCIOLÓGICA. LOS PELIGROS DEL USO ACRÍTICO DE LA TERMINOLOGÍA -- ARQUEOLOGÍA E INTERPRETACIÓN ANTROPOLÓGIC0-INSTITUCIONAL -- PROTOHISTORIA. UNA REFERENCIA A LOS ETRUSCOS -- LA REVOLUCIÓN PROTOURBANA -- DESCRIPCIÓN Y CRÍTICA DE LA EXPOSICIÓN DE CARANDINI SOBRE LAS INSTITUCIONES DEL PERÍODO PROTOURBANO. SOCIEDAD DE PASTORES: PARILIA. PECUNIA Y POSSES-SIO DEL AGER PUBLICUS COMO MANIFESTACIONES DE UNA SOCIEDAD GANADERA -- LATIUM VETUS: LÍMITES Y EVOLUCIÓN ESQUEMÄTICA DE LOS ASENTAMIENTOS SEGÚN LA ARQUEOLOGÍA -- HACIA LA FORMACIÓN DE LOS CENTROS PROTOURBANOS (Y URBANOS) SEGÚN R. PERONI. ARGUMENTOS PARA LA EXCLUSIÓN DE UNA APROXIMACIÓN PRIMITIVISTA A LA ROMA ARCAICA -- LAS FORMACIONES PREURBANAS EN EL LACIO. LIGAS Y HEGEMONÍAS. NOMEN LATINUM – LA DESIGNACIÓN DEL REX LATINO. EL CASO DE RÓMULO Y REMO. NUMA, FLAMEN DIALIS Y REX. PATRICIUS. INTERREX -- HIPÓTESIS SOBRE LA INAUGURATIO DEL REX PROTOURBANO. EL FLAMEN DIALIS Y EL REX: UN PODER DUAL, JÚPITER Y JANO -- ¿UN ESTADO LATINO? LA FINALIDAD DEL DERECHO FECIAL -- ROMA: DESDE UNA ALDEA EN LA EDAD DEL BRONCE HACIA LA CIUDAD DE MEDIADOS DEL SIGLO VIII a. C. LA FUNDACIÓN DE LA URBS. POPULUS ROMANUS QUIRITES. | ||
| 526 | _aP202 | ||
| 526 | _aP201 | ||
| 526 | _aP163 | ||
| 526 | _aP162 | ||
| 526 | _aP161 | ||
| 526 | _aP160 | ||
| 526 | _aP148 | ||
| 526 | _aP147 | ||
| 526 | _aP146 | ||
| 526 | _aP145 | ||
| 526 | _aP144 | ||
| 526 | _aP143 | ||
| 526 | _aP142 | ||
| 526 | _aP141 | ||
| 526 | _aP140 | ||
| 526 | _aP139 | ||
| 526 | _aP138 | ||
| 526 | _aP137 | ||
| 526 | _aP136 | ||
| 526 | _aP135 | ||
| 526 | _aP134 | ||
| 526 | _aP133 | ||
| 526 | _aP129 | ||
| 526 | _aP128 | ||
| 526 | _aP127 | ||
| 526 | _aP120 | ||
| 526 | _aP119 | ||
| 526 | _aP118 | ||
| 526 | _aP116 | ||
| 526 | _aP115 | ||
| 526 | _aP114 | ||
| 526 | _aP110 | ||
| 526 | _aP109 | ||
| 526 | _aP108 | ||
| 526 | _aP104 | ||
| 526 | _aP103 | ||
| 526 | _aP102 | ||
| 526 | _aP99 | ||
| 526 | _aP98 | ||
| 526 | _aP97 | ||
| 526 | _aP96 | ||
| 526 | _aP95 | ||
| 526 | _aP93 | ||
| 526 | _aP90 | ||
| 526 | _aP89 | ||
| 526 | _aP88 | ||
| 526 | _aP83 | ||
| 526 | _aP82 | ||
| 526 | _aP62 | ||
| 526 | _aP59 | ||
| 526 | _aP58 | ||
| 526 | _aP57 | ||
| 526 | _aP51 | ||
| 526 | _aP49 | ||
| 526 | _aP48 | ||
| 526 | _aP47 | ||
| 526 | _aP29 | ||
| 526 | _aP24 | ||
| 526 | _aP20 | ||
| 526 | _aP19 | ||
| 526 | _aP17 | ||
| 526 | _aP15 | ||
| 526 | _aP14 | ||
| 526 | _aP12 | ||
| 526 | _aP10 | ||
| 526 | _aP09 | ||
| 526 | _aP08 | ||
| 526 | _aP07 | ||
| 526 | _aP06 | ||
| 526 | _aP05 | ||
| 526 | _aP04 | ||
| 526 | _aP01 | ||
| 650 | 1 | 7 |
_aDerecho romano _vHistoria _2embne |
| 942 |
_2ddc _cBK _n0 |
||
| 956 | _a2 | ||
| 999 |
_c62471 _d62470 |
||
| 980 |
_618226 _aJaime Vilcazán Jefe de Análisis Documental _81 _gALBERTO SANCHEZ Responsable de Automatización |
||